| 000 | 01002nam a22002537a 4500 | ||
|---|---|---|---|
| 005 | 20140903174931.0 | ||
| 008 | 131211s2010 enka frf 001 0 eng c | ||
| 020 | _a9780195375886 | ||
| 020 | _a9780199929474 | ||
| 040 |
_aCO-BoUCM _cAngélica Rojas _dAldemar Mondragón _d[Nuevo] _d[Nuevo] _d[Nuevo] _d[Nuevo] _d[Nuevo] |
||
| 041 | 0 | 0 | _aeng |
| 245 | 0 | 4 |
_aThe Oxford Handbook of National Security Intelligence _ceditado por Loch K. Johnson |
| 260 |
_aOxford (Inglaterra) _aNew York (Estados Unidos) _bOxford University Press _c2010 |
||
| 300 |
_axv, 886 páginas _bilustraciones |
||
| 490 | 0 | _aOxford Handbooks | |
| 504 | _aIncluye referencias bibliográficas e índices | ||
| 650 | 4 |
_aServicio de inteligencia _924266 |
|
| 650 | 7 |
_aSeguridad internacional _924104 |
|
| 650 | 7 |
_aSeguridad nacional _924108 |
|
| 690 |
_942907 _aRelaciones internacionales |
||
| 700 | 1 |
_aJohnson, Loch K. _d1942- _952789 _eeditor |
|
| 942 |
_a6 _cLIBRO _e1 _mO982 _2DEWEY _h327.12 |
||
| 999 |
_c181083 _d181083 |
||